00976nas a2200277Ia 4500001001600000003001000016008004100026040002500067041001300092100001400105210002200119222002200141245004700163250001100210260000900221501012300230300001600353362003100369500004000400650002300440700001100463942000700474957000600481999003300487952017800520A07/R086-36048 IT-MiCISF161014c99999999xx |||||||||||| ||und|| aIT-MiCISFcIT-MiCISF aITALIANO aErmini M. aMedicina e morale aMedicina e morale 0aIl consenso informato tra teoria e pratica a1a ed. c2002 bCISF - Centro Internazionale Studi Famiglia - Via Giotto, 36 20145 MILANO (non commercial uses only)cCopyright 2016 app. 493-504 an. 3, maggio-giugno [2002] a Tema: bioetica, diritti-del-malato aBIOETICAvarticolo aAA.VV. cCR 71 a36048bSig1c237752d237752 0010406A_07_000000000000000_R0863604871aCISFbCISFd2016-10-14l0oA07/R086-36048 r2016-10-14 00:00:00w2016-10-14yCRzData import 15.10.2016 / by Epidotti, Vaglietti